[Event "110th ch-GBR 2024"]
[Site "Hull ENG"]
[Date "2024.08.01"]
[Round "6.3"]
[White "Howell, David W L"]
[Black "Adams, Michael"]
[Result "1/2-1/2"]
[WhiteTitle "GM"]
[BlackTitle "GM"]
[WhiteElo "2675"]
[BlackElo "2672"]
[WhiteFideId "410608"]
[BlackFideId "400041"]
[EventDate "2024.07.27"]

1. c4 e5 2. Nc3 Nf6 3. Nf3 Nc6 4. g3 d5 5. cxd5 Nxd5 6. Bg2 Nf6 7. O-O h6 8. b4
e4 9. Ne1 Bxb4 10. Nxe4 Nxe4 11. Bxe4 O-O 12. Rb1 Ba5 13. e3 Re8 14. Bg2 Ne5 15.
d4 c5 16. Nc2 Bg4 17. f3 Bf5 18. e4 cxd4 19. Nxd4 Bb6 20. Be3 Be6 21. Nc2 Nc4
22. Bxb6 axb6 23. Qxd8 Rexd8 24. Ra1 Rd2 25. Rf2 Rxf2 26. Kxf2 Rd8 27. Re1 Ne5
28. Nb4 Rd4 29. a3 Nc4 30. Nc2 Rd2+ 31. Re2 Rd3 32. Bf1 b5 33. Re1 Rc3 34. Nd4
Nxa3 35. Nxb5 Nxb5 36. Bxb5 Rb3 37. Be2 b5 38. f4 g6 39. Ra1 h5 40. Ra7 Rb2 41.
Ke3 Bc4 1/2-1/2

[Event "110th ch-GBR 2024"]
[Site "Hull ENG"]
[Date "2024.08.01"]
[Round "6.5"]
[White "Conquest, Stuart C"]
[Black "Kanyamarala, Tarun"]
[Result "1/2-1/2"]
[WhiteTitle "GM"]
[BlackTitle "IM"]
[WhiteElo "2510"]
[BlackElo "2337"]
[WhiteFideId "400181"]
[BlackFideId "45004714"]
[EventDate "2024.07.27"]

1. d4 Nf6 2. c4 e6 3. Nf3 d5 4. Nc3 c5 5. e3 Nc6 6. a3 dxc4 7. Bxc4 a6 8. O-O b5
9. Ba2 Bb7 10. Qe2 cxd4 11. Rd1 b4 12. axb4 Bxb4 13. exd4 Ne7 14. Bg5 O-O 15.
Bb1 Ned5 16. Qd3 Re8 17. Nxd5 Qxd5 18. Bxf6 gxf6 19. Qxh7+ Kf8 20. Nh4 Ke7 21.
Ng6+ Kd6 22. Nf4 Qg5 23. g3 Qg4 24. Ba2 Bf3 25. Rd3 Rh8 26. Qxf7 Rxh2 27. Rxf3
Rah8 28. Kf1 R2h7 29. Qxf6 Rh1+ 30. Ke2 Rxa1 31. Nd3 Qe4+ 32. Re3 Qg4+ 33. Rf3
Qe4+ 34. Re3 Qg4+ 35. Rf3 1/2-1/2

[Event "110th ch-GBR 2024"]
[Site "Hull ENG"]
[Date "2024.08.01"]
[Round "6.6"]
[White "Bazakutsa, Svyatoslav"]
[Black "Pein, Malcolm"]
[Result "1-0"]
[WhiteTitle "IM"]
[BlackTitle "IM"]
[WhiteElo "2490"]
[BlackElo "2274"]
[WhiteFideId "14198525"]
[BlackFideId "400289"]
[EventDate "2024.07.27"]

1. c4 e5 2. g3 Nf6 3. Bg2 Bc5 4. Nc3 c6 5. Nf3 e4 6. Nh4 d5 7. cxd5 cxd5 8. d3
Ng4 9. d4 Be7 10. f3 Bxh4 11. fxg4 Be7 12. Qb3 Nc6 13. Nxd5 O-O 14. Bxe4 Re8 15.
O-O Nxd4 16. Qd3 Bc5 17. e3 Ne2+ 18. Kg2 Bxg4 19. Bxh7+ Kh8 20. Bf5 Qg5 21. Bxg4
Qxg4 22. Qf5 Qxf5 23. Rxf5 Rad8 24. Rh5+ Kg8 25. Kf3 Ng1+ 26. Kf2 Re6 27. Kxg1
g6 28. Rg5 Bf8 29. e4 Bg7 30. Rg4 f5 31. Rf4 fxe4 32. Ne3 Rd3 33. Kg2 Bh6 34.
Ng4 Bxf4 35. Bxf4 Rc6 36. Rf1 Rc2+ 37. Rf2 Rxf2+ 38. Kxf2 Kg7 39. Ke2 a5 40. Nf2
Rd5 41. Nxe4 Rb5 42. Kd3 a4 43. Kc4 Rb6 44. a3 Kf7 45. Be5 Ke6 46. Nc5+ Kf5 47.
Bc3 Kg4 48. Nxa4 Rc6+ 49. Kb5 Kh3 50. Nc5 Rc7 51. Be5 Rf7 52. Kb6 Rf5 53. Bd6
Rf2 54. b4 Rxh2 55. a4 1-0

[Event "110th ch-GBR 2024"]
[Site "Hull ENG"]
[Date "2024.08.01"]
[Round "6.10"]
[White "Richardson, John R"]
[Black "Palliser, Richard J D"]
[Result "0-1"]
[WhiteTitle "FM"]
[BlackTitle "IM"]
[WhiteElo "2299"]
[BlackElo "2369"]
[WhiteFideId "401617"]
[BlackFideId "407372"]
[EventDate "2024.07.27"]

1. d4 Nf6 2. c4 g6 3. Nc3 Bg7 4. e4 d6 5. h3 O-O 6. Be3 c5 7. d5 e6 8. Bd3 exd5
9. exd5 a6 10. a4 Nh5 11. g4 Nf6 12. Qd2 Nbd7 13. Nf3 Qe7 14. Kd1 Rb8 15. Re1
Qd8 16. Bg5 b5 17. axb5 axb5 18. Nxb5 Rxb5 19. cxb5 Nb6 20. Qa5 Bb7 21. Nd2 Bxd5
22. Qa7 h6 23. Bf4 Bg2 24. Nc4 Nxc4 25. Bxc4 Ne4 26. Rxe4 Bxe4 27. Qa5 Qf6 28.
Qd2 d5 29. Be2 g5 30. Bg3 c4 31. Kc1 Rc8 32. Ra6 c3 33. bxc3 Rxc3+ 34. Kd1 Qe7
35. Bd6 Qd8 36. Qa2 d4 37. Ra7 Qf6 38. b6 Qxf2 39. Qa1 d3 40. Ra8+ Kh7 0-1

[Event "110th ch-GBR 2024"]
[Site "Hull ENG"]
[Date "2024.08.01"]
[Round "6.11"]
[White "Grieve, Harry"]
[Black "Merriman, John"]
[Result "1-0"]
[WhiteTitle "IM"]
[BlackTitle "FM"]
[WhiteElo "2477"]
[BlackElo "2251"]
[WhiteFideId "426520"]
[BlackFideId "402362"]
[EventDate "2024.07.27"]

1. e4 e6 2. d4 d5 3. Nc3 Nf6 4. e5 Nfd7 5. f4 c5 6. Nf3 Nc6 7. Be3 a6 8. Ne2 b5
9. c3 b4 10. cxb4 cxd4 11. Nexd4 Bxb4+ 12. Kf2 Nxd4 13. Bxd4 a5 14. Rc1 Be7 15.
h4 f6 16. Bd3 f5 17. Ng5 Nb8 18. g4 O-O 19. gxf5 exf5 20. Qh5 h6 21. Qg6 hxg5
22. hxg5 Re8 23. e6 1-0

[Event "110th ch-GBR 2024"]
[Site "Hull ENG"]
[Date "2024.08.01"]
[Round "6.18"]
[White "Sivanandan, Bodhana"]
[Black "Motwani, Paul"]
[Result "1/2-1/2"]
[WhiteTitle "WFM"]
[BlackTitle "GM"]
[WhiteElo "2185"]
[BlackElo "2414"]
[WhiteFideId "497592"]
[BlackFideId "2400022"]
[EventDate "2024.07.27"]

1. e4 c5 2. Nf3 g6 3. c3 Bg7 4. d4 cxd4 5. cxd4 d5 6. e5 Nc6 7. Nc3 Bg4 8. Bb5
e6 9. h3 Bxf3 10. Qxf3 Ne7 11. O-O O-O 12. Be3 f6 13. exf6 Bxf6 14. Qg4 Nf5 15.
Bxc6 bxc6 16. Na4 Re8 17. Rac1 Rc8 18. Rfd1 Qe7 19. b3 Qg7 20. Nc5 h5 21. Qf4 e5
22. dxe5 Bxe5 23. Qf3 Nxe3 24. fxe3 Rf8 25. Qe2 Rce8 26. Qd3 Kh7 27. e4 Bd6 28.
Qc3 Qh6 29. Rf1 Be5 30. Qd3 Bf4 31. Rce1 Bd6 32. Nd7 Rxf1+ 33. Rxf1 Re7 34. Nf6+
Kg7 35. Qf3 Bc5+ 36. Kh1 Bd4 37. exd5 Qe3 38. d6 Qxf3 39. gxf3 Re2 40. Ne4 Rxa2
41. Rc1 Bb6 42. Rxc6 Kf7 43. Rc7+ Ke6 44. Rg7 Kf5 45. Rf7+ Ke5 46. Rf8 h4 47.
Rf7 Rb2 48. d7 Rxb3 49. Kg2 Rb1 50. Rf6 Rd1 51. Rc6 Rxd7 52. Rxg6 Be3 53. Kf1
Bf4 54. Ke2 Rb7 55. Rg4 Rb2+ 56. Kd3 Rb3+ 57. Ke2 Rb2+ 58. Kd3 Rb3+ 59. Ke2 Rb2+ 1/2-1/2

[Event "110th ch-GBR 2024"]
[Site "Hull ENG"]
[Date "2024.08.01"]
[Round "6.32"]
[White "Mannion, Stephen R"]
[Black "Evans, Ruben"]
[Result "1/2-1/2"]
[WhiteTitle "IM"]
[WhiteElo "2139"]
[BlackElo "1954"]
[WhiteFideId "2400111"]
[BlackFideId "472018"]
[EventDate "2024.07.27"]

1. e4 e6 2. d4 d5 3. Nd2 Nf6 4. e5 Nfd7 5. f4 c5 6. c3 Nc6 7. Ndf3 cxd4 8. cxd4
Qb6 9. a3 Na5 10. h4 h5 11. g3 a6 12. Rh2 Qb3 13. Rc2 Nb6 14. Qd3 Qxd3 15. Bxd3
Bd7 16. Nd2 Rc8 17. Rxc8+ Bxc8 18. b3 Be7 19. Bb2 Bd7 20. Bc3 Nc6 21. Ne2 O-O
22. Nf3 Rc8 23. Kd1 Na7 24. a4 Nc6 25. Rc1 Bb4 26. Bxb4 Nxb4 27. Bb1 Rxc1+ 28.
Nxc1 Nc8 29. Nd3 Nxd3 30. Bxd3 Ne7 31. Kd2 a5 32. Ne1 Kf8 33. Nc2 Ke8 34. Ne3
Nc6 35. Kc3 Nb4 36. Be2 g6 37. Nd1 Kd8 38. Nf2 Bc6 39. Nh3 Ke7 40. Ng5 Bd7 41.
Nh7 Na2+ 42. Kb2 Nb4 43. Nf6 Bc6 44. Kc3 Na2+ 45. Kd2 Nb4 1/2-1/2

[Event "110th ch-GBR 2024"]
[Site "Hull ENG"]
[Date "2024.08.01"]
[Round "6.38"]
[White "Sooraj, M R"]
[Black "Kalaiyalahan, Akshaya"]
[Result "1/2-1/2"]
[BlackTitle "FM"]
[WhiteElo "1999"]
[BlackElo "2137"]
[WhiteFideId "35014730"]
[BlackFideId "422894"]
[EventDate "2024.07.27"]

1. e4 c5 2. Nc3 Nc6 3. g3 g6 4. Bg2 Bg7 5. d3 d6 6. Be3 Rb8 7. Nge2 b5 8. a3 a5
9. Qd2 Nd4 10. O-O Bg4 11. f3 Bd7 12. b4 Nxe2+ 13. Nxe2 Bxa1 14. Rxa1 cxb4 15.
axb4 axb4 16. Qxb4 Ra8 17. Rxa8 Qxa8 18. Bd4 f6 19. f4 e5 20. Bb2 Qc6 21. c4 Ne7
22. d4 Qxc4 23. Qd2 Nc6 24. dxe5 dxe5 25. Bf3 Rf8 26. Qd6 Qb4 27. Qxb4 Nxb4 28.
Ba3 Nd3 29. Bxf8 Kxf8 30. fxe5 Nxe5 31. Kf2 Ke7 32. Nc3 Nxf3 33. Kxf3 Kd6 34.
Nd5 Ke5 35. Ke3 Bc6 36. Nb6 h5 37. h4 g5 38. g4 gxh4 39. gxh5 Bxe4 40. Nd7+ Kf5
41. h6 Kg6 42. h7 Kxh7 43. Nxf6+ Kg6 44. Nxe4 Kf5 45. Nd6+ Kg4 46. Nxb5 Kg3 47.
Nd4 h3 48. Ne2+ Kg2 49. Nf4+ Kg3 50. Nxh3 1/2-1/2

[Event "110th ch-GBR 2024"]
[Site "Hull ENG"]
[Date "2024.08.02"]
[Round "7.1"]
[White "Ghasi, Ameet K"]
[Black "Wadsworth, Matthew J"]
[Result "1/2-1/2"]
[WhiteTitle "IM"]
[BlackTitle "IM"]
[WhiteElo "2495"]
[BlackElo "2456"]
[WhiteFideId "409200"]
[BlackFideId "415804"]
[EventDate "2024.07.27"]

1. Nf3 d5 2. c4 c6 3. g3 Bg4 4. Ne5 Bf5 5. Qb3 Qb6 6. cxd5 Qxb3 7. axb3 Bxb1 8.
Rxb1 cxd5 9. e4 e6 10. exd5 exd5 11. Bb5+ Ke7 12. d4 f6 13. Nd3 a6 14. Ra1 Kf7
15. Bd2 Bd6 16. b4 Ne7 17. Ba4 Nbc6 18. Bc3 b5 19. Bd1 a5 20. bxa5 b4 21. Bd2
Rhb8 22. Be3 Rxa5 23. Rc1 b3 24. O-O Ra4 25. Nc5 Bxc5 26. dxc5 Ra2 27. Rb1 Ne5
28. Re1 N7c6 29. Bf4 d4 30. Bxe5 Nxe5 31. Re4 Ra4 32. f4 Nc6 33. Rc1 Ra2 34. Re2
f5 35. Rd2 Ke6 36. Bf3 Kd7 37. Bd5 Rb5 38. Rc4 Raa5 39. Rd3 Ra2 40. Rd2 Raa5 41.
Rd3 Ra2 42. Rd2 1/2-1/2

[Event "110th ch-GBR 2024"]
[Site "Hull ENG"]
[Date "2024.08.02"]
[Round "7.2"]
[White "Adams, Michael"]
[Black "Jones, Gawain C B"]
[Result "1/2-1/2"]
[WhiteTitle "GM"]
[BlackTitle "GM"]
[WhiteElo "2672"]
[BlackElo "2640"]
[WhiteFideId "400041"]
[BlackFideId "409561"]
[EventDate "2024.07.27"]

1. e4 e5 2. Nf3 Nc6 3. Bb5 a6 4. Ba4 Nf6 5. O-O Nxe4 6. d4 Be7 7. Re1 b5 8. Rxe4
d5 9. Nxe5 Nxe5 10. Rxe5 bxa4 11. Bf4 O-O 12. Re3 Bf5 13. Nc3 a3 14. bxa3 c5 15.
dxc5 Bxc5 16. Re5 Bg6 17. Nxd5 Rc8 18. c3 Bd6 19. Re3 Bxa3 20. Qf3 Bc5 21. Re5
f6 22. Re2 Qd7 23. Be3 Rfe8 24. Rd1 Qf5 25. Qxf5 Bxf5 26. h3 Ba3 27. Rd4 Bc5 28.
Rf4 Be6 29. Bxc5 Bxd5 30. Rxe8+ Rxe8 31. Ra4 Rc8 32. Bd4 Bc4 33. a3 Bb5 34. Rb4
Rc4 35. Rb3 Kf7 36. f3 h5 37. g4 hxg4 38. fxg4 g5 39. Kf2 Rc6 40. Rb4 Rc4 41.
Rb2 Rc6 42. Kg3 Kg6 43. Rf2 Rd6 44. Rf5 Bd7 45. Rc5 Bc6 46. h4 gxh4+ 47. Kxh4
Re6 48. Kh3 Rd6 49. Kg3 Re6 50. Kh4 Rd6 51. Rh5 Re6 52. Kg3 Re4 53. Ra5 Bb5 54.
a4 Be2 55. Kf2 Re6 56. Kg3 Re4 57. Kf2 1/2-1/2

[Event "110th ch-GBR 2024"]
[Site "Hull ENG"]
[Date "2024.08.02"]
[Round "7.3"]
[White "Gasanov, Eldar"]
[Black "Howell, David W L"]
[Result "0-1"]
[WhiteTitle "GM"]
[BlackTitle "GM"]
[WhiteElo "2469"]
[BlackElo "2675"]
[WhiteFideId "14104466"]
[BlackFideId "410608"]
[EventDate "2024.07.27"]

1. d4 Nf6 2. c4 g6 3. Nc3 d5 4. Nf3 Bg7 5. Bg5 Ne4 6. Bf4 Nxc3 7. bxc3 dxc4 8.
e3 Be6 9. Qb1 Qd5 10. Bxc7 Bf5 11. Qb2 Nd7 12. Be2 O-O 13. O-O Rac8 14. Bg3 Nb6
15. Qa3 Qb5 16. Nd2 Qa4 17. Qb2 Bd3 18. Rfe1 Rfd8 19. Nf3 Qa6 20. Bd1 Rd5 21. a4
Nd7 22. a5 Rxa5 23. Rxa5 Qxa5 24. Qxb7 Nb6 25. e4 Qxc3 26. Qxe7 Bxd4 27. e5 Bc5
28. Qxa7 Qa3 29. Qxa3 Bxa3 30. e6 f6 31. Be2 Bb4 32. Bxd3 Bxe1 33. Nxe1 cxd3 34.
Nxd3 Rc3 35. Ne1 Rc1 36. Kf1 Rc6 37. Nd3 Rxe6 38. Nf4 Re4 39. f3 Ra4 40. Bf2
Ra1+ 41. Ke2 Ra2+ 42. Kf1 Nc4 43. h4 Kf7 44. Kg1 Rd2 45. Bc5 Rd1+ 46. Kf2 Ne5
47. Kg3 Rd2 48. Be3 Rc2 49. Bd4 Nc6 50. Bb6 Ne7 51. Kh3 Nf5 52. Nd3 Ra2 53. Bc5
Ra1 54. Nf2 Rc1 55. Bb6 Ke6 56. g3 Rc6 57. Ba7 Rc7 58. Bb6 Rc3 59. Kg2 Rc2 60.
Kh3 Nd6 61. Nd3 Nc4 62. Bd4 Rd2 63. Nf4+ Kf7 64. Ba1 Rf2 0-1

[Event "110th ch-GBR 2024"]
[Site "Hull ENG"]
[Date "2024.08.02"]
[Round "7.4"]
[White "McShane, Luke J"]
[Black "Royal, Shreyas"]
[Result "1/2-1/2"]
[WhiteTitle "GM"]
[BlackTitle "IM"]
[WhiteElo "2617"]
[BlackElo "2487"]
[WhiteFideId "404853"]
[BlackFideId "448869"]
[EventDate "2024.07.27"]

1. e4 c5 2. Nf3 d6 3. Bb5+ Bd7 4. Bxd7+ Nxd7 5. O-O Ngf6 6. Qe2 e6 7. d4 cxd4 8.
Nxd4 Nc5 9. Nc3 a6 10. Rd1 Qc7 11. a4 Be7 12. Nf3 O-O 13. Bf4 Ncd7 14. a5 Rac8
15. Ra4 Rfd8 16. h3 Ne5 17. Nd2 Nfd7 18. Be3 Nc5 19. Raa1 Bf6 20. Bd4 Be7 21.
Be3 Bf6 22. Bd4 Be7 1/2-1/2

[Event "110th ch-GBR 2024"]
[Site "Hull ENG"]
[Date "2024.08.02"]
[Round "7.5"]
[White "Palliser, Richard J D"]
[Black "Bazakutsa, Svyatoslav"]
[Result "0-1"]
[WhiteTitle "IM"]
[BlackTitle "IM"]
[WhiteElo "2369"]
[BlackElo "2490"]
[WhiteFideId "407372"]
[BlackFideId "14198525"]
[EventDate "2024.07.27"]

1. d4 Nf6 2. Bg5 Ne4 3. h4 c5 4. d5 h6 5. Bf4 Qb6 6. Nd2 Qxb2 7. Nxe4 Qb4+ 8. c3
Qxe4 9. e3 e5 10. dxe6 dxe6 11. Nf3 Nc6 12. c4 Qf5 13. Bd3 Qf6 14. Be4 e5 15.
Bxc6+ Qxc6 16. Nxe5 Qa6 17. Qf3 Qe6 18. Rd1 Be7 19. g4 a5 20. g5 Ra6 21. gxh6
gxh6 22. Rg1 Rf8 23. Rd5 Rb6 24. Qd1 Rb2 25. Nd3 Rxa2 26. Qb1 Ra3 27. Ne5 Qa6
28. Bxh6 Rh8 29. Qb2 Ra4 30. Nd7 Qxh6 0-1

[Event "110th ch-GBR 2024"]
[Site "Hull ENG"]
[Date "2024.08.02"]
[Round "7.6"]
[White "Balaji, Aaravamudhan"]
[Black "Conquest, Stuart C"]
[Result "0-1"]
[WhiteTitle "FM"]
[BlackTitle "GM"]
[WhiteElo "2316"]
[BlackElo "2510"]
[WhiteFideId "436224"]
[BlackFideId "400181"]
[EventDate "2024.07.27"]

1. d4 Nf6 2. c4 Nc6 3. Nc3 e5 4. d5 Ne7 5. Nf3 d6 6. e4 Ng6 7. h4 h5 8. Bg5 Be7
9. Qc2 a6 10. O-O-O Bd7 11. g3 Ng4 12. Kb1 Qb8 13. Nh2 Qa7 14. Nxg4 Bxg4 15. Be3
Qb8 16. Be2 Bxe2 17. Qxe2 Qc8 18. f4 b6 19. Rdf1 Qd7 20. f5 Nf8 21. f6 Bxf6 22.
Rf5 Rg8 23. Rhf1 Qe7 24. Bg5 Nd7 25. Qxh5 O-O-O 26. Qe2 Kb7 27. g4 Rdf8 28. Bxf6
gxf6 29. Nd1 Rh8 30. Rh1 Ka7 31. Ne3 Rb8 32. Rf3 Qe8 33. Nd1 Kb7 34. Ne3 Rh7 35.
Nc2 a5 36. b4 axb4 37. Nxb4 Ra8 38. Nc6 Ra4 39. Ka1 Qa8 40. Rb3 Nc5 41. Rb2 Ra3
42. h5 Rh8 43. h6 Rc3 44. Qf2 Nxe4 45. Qe1 Ng3 46. Qxc3 Nxh1 47. Rh2 Nf2 48.
Rxf2 Rxh6 49. Qb4 Rh1+ 50. Kb2 e4 51. Qb5 e3 52. Re2 f5 53. a4 Qh8+ 54. Kc2 f4
55. Na5+ Kc8 56. Qa6+ Kd7 57. Qb5+ Ke7 58. Nb3 Qe5 59. Nd2 Kf6 60. Qd7 exd2 61.
Rxd2 Qe4+ 62. Kb2 Qb1+ 63. Kc3 Rh3+ 0-1

[Event "110th ch-GBR 2024"]
[Site "Hull ENG"]
[Date "2024.08.02"]
[Round "7.7"]
[White "Lutsko, Artem"]
[Black "Grieve, Harry"]
[Result "1/2-1/2"]
[WhiteTitle "IM"]
[BlackTitle "IM"]
[WhiteElo "2414"]
[BlackElo "2477"]
[WhiteFideId "14188767"]
[BlackFideId "426520"]
[EventDate "2024.07.27"]

1. e4 c5 2. Nf3 e6 3. d4 cxd4 4. Nxd4 Nc6 5. Nc3 Qc7 6. Be3 a6 7. g4 h6 8. h4 b5
9. Nxc6 Qxc6 10. Qd2 b4 11. Ne2 Qd6 12. Qxd6 Bxd6 13. O-O-O Bb8 14. Bg2 a5 15.
g5 h5 16. Nd4 Bb7 17. Nb5 Bc6 18. Nd6+ Kf8 19. Nc8 Ne7 20. Nb6 Ra7 21. Bc5 Ke8
22. Nc4 Ra8 23. Nd6+ Kf8 24. f4 Ba7 25. Bxa7 Rxa7 26. f5 exf5 27. Rhf1 g6 28.
Rf2 Kg7 29. exf5 Nxf5 30. Nxf5+ gxf5 31. Bh3 Be4 32. Bxf5 Bxf5 33. Rxf5 Re8 34.
Rfd5 Rc7 35. b3 Re4 36. R5d4 d5 37. Rxe4 dxe4 38. Rd5 Re7 39. Kd2 e3+ 40. Ke2
Rc7 41. Kxe3 Rxc2 42. Rxa5 Rh2 43. Ra6 Rh3+ 44. Ke4 Rxh4+ 45. Kf5 Rh2 46. g6
Rf2+ 47. Kg5 Rg2+ 48. Kxh5 Rxg6 49. Ra4 Rb6 50. Kg5 Rb5+ 51. Kf4 Kg6 52. Ra8 Rh5
53. Ra4 Rh4+ 54. Kg3 Rd4 55. Kf2 Rf4+ 56. Kg3 Re4 57. Kf3 f5 58. Ra8 Kf6 59. Ra7
Rh4 60. Ra8 Rd4 61. Ra7 Ke5 62. Re7+ Kf6 63. Ra7 Rd2 64. Ra8 Ke5 65. Re8+ Kd4
66. Ra8 Kc3 67. a3 Ra2 68. Rc8+ Kxb3 69. axb4 Kxb4 70. Rf8 Ra1 71. Rxf5 Rf1+ 72.
Kg4 Rxf5 73. Kxf5 1/2-1/2

[Event "110th ch-GBR 2024"]
[Site "Hull ENG"]
[Date "2024.08.02"]
[Round "7.8"]
[White "Kanyamarala, Tarun"]
[Black "Merry, Alan B"]
[Result "1/2-1/2"]
[WhiteTitle "IM"]
[BlackTitle "IM"]
[WhiteElo "2337"]
[BlackElo "2423"]
[WhiteFideId "45004714"]
[BlackFideId "418811"]
[EventDate "2024.07.27"]

1. d4 Nf6 2. c4 e6 3. Nc3 Bb4 4. Nf3 c5 5. g3 Nc6 6. Bg2 Ne4 7. Bd2 Nxd2 8. Qxd2
cxd4 9. Nxd4 O-O 10. O-O Ne5 11. b3 a6 12. Nc2 Be7 13. Ne4 Qc7 14. Rfd1 Rb8 15.
Rac1 b5 16. cxb5 axb5 17. Ne3 Qa7 18. Nd6 Ba6 19. Qc3 f6 20. Qc7 Qxc7 21. Rxc7
Rb6 22. Ne4 Rc8 23. Rxc8+ Bxc8 24. f4 Nc6 25. Rc1 Ba3 26. Rc2 f5 27. Nf2 Bb7 28.
Nd3 Kf8 29. Nc5 Bxc5 30. Rxc5 Ke8 31. Nc2 d6 32. Rc3 Kd7 33. Kf2 Ne7 34. Bxb7
Rxb7 35. Nb4 Ng8 36. Rc6 Nf6 37. Ra6 Ne8 38. Ra8 g6 39. Ke3 h6 40. Kd4 g5 41.
Kc3 Nf6 42. Rh8 gxf4 43. gxf4 h5 44. Kd3 Rc7 45. Rb8 Rc5 46. Rb7+ Kd8 47. Rb8+
Kd7 48. Rb7+ Kd8 49. Rb8+ Kd7 50. Rb7+ 1/2-1/2

[Event "110th ch-GBR 2024"]
[Site "Hull ENG"]
[Date "2024.08.02"]
[Round "7.9"]
[White "Ledger, Andrew J"]
[Black "Derakhshani, Borna"]
[Result "1/2-1/2"]
[WhiteTitle "IM"]
[BlackTitle "FM"]
[WhiteElo "2334"]
[BlackElo "2351"]
[WhiteFideId "400610"]
[BlackFideId "12518450"]
[EventDate "2024.07.27"]

1. d4 Nf6 2. c4 e6 3. Nc3 Bb4 4. Qc2 d5 5. cxd5 exd5 6. Bg5 h6 7. Bh4 g5 8. Bg3
Ne4 9. e3 Nc6 10. Bd3 Nxg3 11. hxg3 Be6 12. Nf3 Qe7 13. Bb5 Kf8 14. Bxc6 bxc6
15. a3 Bd6 16. Na4 Bd7 17. Nc5 Be8 18. Rc1 Kg7 19. O-O f6 20. Rfe1 h5 21. e4 Bg6
22. Qa4 dxe4 23. Qxc6 Rae8 24. d5 h4 25. gxh4 Kg8 26. Rc3 gxh4 27. Nd2 f5 28.
Ne6 Bf7 29. Nxe4 fxe4 30. Rxe4 Rh6 31. Rce3 Qf6 32. Qc1 Bxe6 33. dxe6 Rg6 34. e7
Qg5 35. Qc4+ Kg7 36. Qd4+ Kg8 37. Qc4+ Kg7 38. Qd4+ Kg8 1/2-1/2

[Event "110th ch-GBR 2024"]
[Site "Hull ENG"]
[Date "2024.08.02"]
[Round "7.10"]
[White "Wu, Li"]
[Black "Trent, Lawrence"]
[Result "1/2-1/2"]
[WhiteTitle "FM"]
[BlackTitle "IM"]
[WhiteElo "2328"]
[BlackElo "2416"]
[WhiteFideId "411086"]
[BlackFideId "408638"]
[EventDate "2024.07.27"]

1. d4 d5 2. c4 c6 3. cxd5 cxd5 4. Nf3 Nf6 5. Bf4 Nc6 6. Nc3 Bf5 7. e3 e6 8. Bd3
Bxd3 9. Qxd3 Bd6 10. Bxd6 Qxd6 1/2-1/2

[Event "110th ch-GBR 2024"]
[Site "Hull ENG"]
[Date "2024.08.02"]
[Round "7.11"]
[White "Yao, Lan"]
[Black "Pert, Richard G"]
[Result "1/2-1/2"]
[WhiteTitle "WGM"]
[BlackTitle "IM"]
[WhiteElo "2325"]
[BlackElo "2415"]
[WhiteFideId "8610835"]
[BlackFideId "404748"]
[EventDate "2024.07.27"]

1. e4 c5 2. Nf3 Nc6 3. d4 cxd4 4. Nxd4 g6 5. Nc3 Bg7 6. Be3 Nf6 7. Bc4 O-O 8.
O-O d6 9. h3 Na5 10. Bb3 b6 11. Qd2 Bb7 12. f3 Rc8 13. Rad1 Nc4 14. Bxc4 Rxc4
15. Nce2 Rc8 16. b3 1/2-1/2

[Event "110th ch-GBR 2024"]
[Site "Hull ENG"]
[Date "2024.08.02"]
[Round "7.12"]
[White "Richardson, John R"]
[Black "Han, Yichen"]
[Result "0-1"]
[WhiteTitle "FM"]
[BlackTitle "IM"]
[WhiteElo "2299"]
[BlackElo "2414"]
[WhiteFideId "401617"]
[BlackFideId "1054430"]
[EventDate "2024.07.27"]

1. d4 Nf6 2. c4 e6 3. Nc3 Bb4 4. e3 O-O 5. Ne2 c6 6. a3 Ba5 7. Ng3 d5 8. cxd5
exd5 9. Bd3 Bc7 10. f3 h5 11. Bd2 Re8 12. Qc2 a5 13. O-O-O b5 14. Nce2 Ba6 15.
e4 dxe4 16. fxe4 b4 17. a4 Bxd3 18. Qxd3 h4 19. Bg5 hxg3 20. hxg3 Nbd7 21. g4
Rxe4 22. Qh3 Kf8 23. d5 cxd5 24. Qf3 Qe8 25. Nd4 Qe5 26. Nf5 Ng8 27. Rh7 Bd8 28.
Rxg7 Bxg5+ 29. Rxg5 Ndf6 30. Rg7 Rf4 31. Qd3 Rc8+ 32. Kb1 Rxf5 0-1

[Event "110th ch-GBR 2024"]
[Site "Hull ENG"]
[Date "2024.08.02"]
[Round "7.13"]
[White "Golding, Alex"]
[Black "Hebden, Mark L"]
[Result "1/2-1/2"]
[WhiteTitle "FM"]
[BlackTitle "GM"]
[WhiteElo "2296"]
[BlackElo "2385"]
[WhiteFideId "427241"]
[BlackFideId "400084"]
[EventDate "2024.07.27"]

1. e4 e5 2. Nf3 Nc6 3. Bc4 Nf6 4. d3 Be7 5. Nc3 d6 6. a3 O-O 7. h3 Nd7 8. Nd5
Nb6 9. g4 Nxd5 10. Bxd5 Be6 11. Be3 Qd7 12. Qd2 Rae8 13. O-O-O Bxd5 14. exd5 Nd8
15. Qa5 c6 16. d4 b6 17. Qa4 b5 18. Qb3 e4 19. Nd2 Bh4 20. dxc6 Qxc6 21. g5 d5
22. Rhg1 f5 23. gxf6 Bxf6 24. Nb1 Nf7 25. Nc3 Rd8 26. Qxb5 Qe6 27. Ne2 Qxh3 28.
Nf4 Qd7 29. Qa6 Qe7 30. Qa5 Qd6 31. Nh5 Rd7 32. Qxd5 Qxd5 33. Nxf6+ Kh8 34. Nxd5
Rxd5 35. c4 Rf5 36. Rg4 Re8 37. Rh1 g5 38. d5 Kg7 39. Bxa7 Kg6 40. Re1 Nd6 41.
Bc5 h5 42. Bxd6 hxg4 43. Re2 Rc8 44. Rxe4 Rxd5 45. Bg3 Kf5 46. Re2 Rxc4+ 47. Kb1
Rd3 48. Re5+ Kf6 49. Re2 Kf5 50. Re5+ Kf6 51. Re2 1/2-1/2

[Event "110th ch-GBR 2024"]
[Site "Hull ENG"]
[Date "2024.08.02"]
[Round "7.14"]
[White "Kalavannan, Koby"]
[Black "Wells, Peter K"]
[Result "1/2-1/2"]
[WhiteTitle "FM"]
[BlackTitle "GM"]
[WhiteElo "2265"]
[BlackElo "2364"]
[WhiteFideId "425753"]
[BlackFideId "400327"]
[EventDate "2024.07.27"]

1. d4 Nf6 2. c4 e6 3. g3 d5 4. Bg2 dxc4 5. Qa4+ Nbd7 6. Qxc4 a6 7. Be3 Rb8 8.
Nd2 Bd6 9. Nh3 O-O 10. O-O Nd5 11. Bg5 f6 12. Bxd5 exd5 13. Qxd5+ Kh8 14. Be3
Nb6 15. Qg2 Re8 16. Nf4 Bxf4 17. Bxf4 Nd5 18. Qf3 g5 19. Be3 Bh3 20. Rfc1 Qd7
21. Ne4 g4 22. Qh1 Qe7 23. Ng5 Nxe3 24. Nxh3 gxh3 25. Qf3 Ng2 26. Rc5 Rbd8 27.
Rh5 Rxd4 28. Rxh3 Nf4 29. gxf4 Qxe2 30. Qxb7 Rd1+ 31. Rxd1 Qxd1+ 32. Kg2 Qg4+
33. Rg3 Qxf4 34. a3 Qe5 35. Qc6 f5 36. Qc3 c5 37. Re3 Rg8+ 38. Kf3 Qxc3 39. Rxc3
Rb8 40. b3 Kg7 41. Kf4 Kg6 42. Rxc5 Rxb3 43. Rc6+ Kf7 44. Rxa6 Rh3 45. f3 Rxh2
46. Kxf5 Rh5+ 47. Kg4 Rc5 48. f4 h5+ 49. Kh4 Kg7 50. a4 Rf5 51. a5 Rxf4+ 52.
Kxh5 Ra4 53. Ra8 Kf7 54. a6 Kf6 55. Rg8 Ke5 56. Rg5+ Kd6 57. Rg4 Rxg4 58. Kxg4
Kc6 59. a7 Kb7 60. a8=Q+ Kxa8 1/2-1/2